Proyecto de ley general de educación
Gorde:
| Erakunde egilea: | |
|---|---|
| Formatua: | Liburua |
| Hizkuntza: | Spanish |
| Argitaratua: |
San José, Costa Rica :
El Ministerio,
1973
|
| Gaiak: | |
| Etiketak: |
Etiketa erantsi
Etiketarik gabe, Izan zaitez lehena erregistro honi etiketa jartzen!
|
MARC
| LEADER | 00000nam a2200000Ia 4500 | ||
|---|---|---|---|
| 008 | 180227b1973 cr ||||| |||| 00| | spa d | ||
| 999 | |c 1565 |d 1565 | ||
| 090 | |a 06.02.01 |b 645 | ||
| 110 | 1 | |a Costa Rica. Ministerio de Educación Pública |9 545 | |
| 245 | 1 | 0 | |a Proyecto de ley general de educación |
| 260 | |a San José, Costa Rica : |b El Ministerio, |c 1973 | ||
| 300 | |a 136 páginas | ||
| 650 | 1 | 4 | |a EDUCACIÓN |9 1 |
| 650 | 1 | 4 | |a LEGISLACIÓN |9 45 |
| 651 | 4 | |a COSTA RICA |9 47 | |
| 942 | |i 001063 |h 06.02.01 645 |2 z |c 01 | ||
